Do Poder Interventivo do Juiz nas Relaė̳s Contratuais

Detalles Bibliográficos
Autor principal: Magno Araujo, Justino
Formato: eBook
Lenguaje:portugués
Publicado: San Pablo: Letras Jurídicas Editora, 2015
Materias:
Acceso en línea:Acceso restringido

MARC

LEADER 00000nam a22000007a 4500
005 20201231214056.0
007 cr|||| ||||
008 201231s2015 br |||||s|||| 00||0 por d
020 |a 978-85-8248-077-9 
035 |a 32501 
040 |a vLex 
090 |c 11042  |d 11042 
100 1 |a Magno Araujo, Justino 
245 1 0 |a Do Poder Interventivo do Juiz nas Relaė̳s Contratuais  |h [Recurso electrn̤ico] /  |c Justino Magno Araujo 
256 |a Servicio en ln̕ea 
260 |a San Pablo:  |b Letras Jurídicas Editora,  |c 2015 
300 |a 1 recurso electrn̤ico 
500 |a O presente trabalho tem por objetivo apontar a importńcia do papel do juiz quando levado a intervir nas relaė̳s contratuais, sobretudo no Brasil, quer pela promulgaȯ̂ do Cd̤igo Civil de 2002, que trouxe importantes determinaė̳s a respeito, quer pela complexidade dessas obrigaė̳s, a impor uma nova visô interpretativa. Procurando racionalizar a matřia, faȯ a sua divisô em oito capt̕ulos: o primeiro, atinente ̉evoluȯ̂ histr̤ica da formaȯ̂ dos contratos; o segundo, versando sobre os princp̕ios do Direito Contratual, a ̕includ̕os, inclusive, aqueles denominados sociais, e que atualmente buscam nortear a atuaȯ̂ do juiz; o terceiro, abordando a evoluȯ̂ dos contratos sob o ponto de vista ideolg̤ico, a teor das ideias que puseram em confronto a autonomia da vontade ante o intervencionismo estatal; o quarto, alusivo ao sistema de interpretaȯ̂ das normas jurd̕icas, em vista da existn̊cia dos sistemas aberto e fechado dos ordenamentos; o quinto, mostrando de que modo pode o juiz atuar nas relaė̳s contratuais e quais as suas limitaė̳s; o sexto, indicando a possibilidade de revisô dos pactos, atravš do trabalho pioneiro do legislador brasileiro quando dela sequer se cogitava; o sťimo, apontando os casos em que pode haver a resoluȯ̂ ou a manutenȯ̂ dos contratos, e o oitavo e l︢timo, tendo por objeto a figura do juiz como representante do Estado e a sua relevante participaȯ̂ na interpretaȯ̂ dos contratos. A escolha do tema Justino Magno Araujo - DPIDJNRC - 1ED.indd 13 03/02/2016 12:15:03 14 Do Poder Interventivo do Juiz nas Relaė̳s Contratuais deve-se ao fato de haver pertencido ̉honrada magistratura paulista, onde tive a oportunidade de enfrentar as mais diversas queste̳s sobre esse palpitante assunto, de par com o incentivo do ilustre orientador, o Professor Doutor Rui Geraldo Camargo Viana, e que versa, em l︢tima anl̀ise, sobre uma das funė̳s mais empolgantes da atualidade, qual seja o exercc̕io da jurisdiȯ̂, e que requer um papel ativo do magistrado, como participante da gestô da coisa pb︢lica, na busca da justiȧ contratual. 
506 1 |a Disponible solo en los productos indicados  |d vLex Global  |d vLex Global (Academic Edition, excluding Law Schools)  |d vLex Global (U.S. Academic Edition, Law Schools)  |d vLex Global (U.S. Academic Edition, excluding Law Schools)  |d vLex Global (Academic Edition, Law Schools) 
650 0 4 |a Procedimiento Civil  |z Brasil 
740 0 |a vLex Libros (Servicio en ln̕ea) 
856 4 0 |u http://vlex.com/source/poder-interventivo-do-juiz-nas-rela-es-contratuais-32501  |z Acceso restringido 
942 |c BOOK 
999 0 |a Civil Procedure